| 000 | 01230cam a2200253 4500 | ||
|---|---|---|---|
| 001 | ABS64330 | ||
| 008 | 010813n2001 000 0 eng u | ||
| 035 | _a(Sirsi) u114069 | ||
| 100 | _aMartin, J | ||
| 245 | _aElemental, my dear Egan | ||
| 260 | _c2001 | ||
| 490 |
_aCSM _bChartered Surveyor Monthly _v(7&8) 2001, 36-37(2) |
||
| 520 | _aRelationships within the construction industry are changing following government's endorsement of the Egan report, "Rethinking Construction"; contractors are now, for example, are more involved with the design phase of projects through design and build, PFI and partnering agreements. A coherent knowledge management system is required for these new procurement systems with communication an important element at early design stages to avoid misunderstandings, delays and lower productivity among project team members and to allow monitoring of the project through design phases. | ||
| 590 | _aABS | ||
| 650 | _aKNOWLEDGE MANAGEMENT | ||
| 650 | _aPROCUREMENT SYSTEMS | ||
| 650 | _aELEMENTAL COSTS | ||
| 650 | _aELEMENTAL ANALYSIS | ||
| 650 | _aDESIGN AND BUILD | ||
| 650 | _aPRIVATE FINANCE INITIATIVES | ||
| 650 | _aPARTNERING | ||
| 690 |
_aProcurement _96260 |
||
| 942 | _n0 | ||
| 999 |
_c67991 _d67991 |
||